|
|
|
|
| LEADER |
00000nam a2200000 a 4500 |
| 001 |
UCO7445 |
| 003 |
CL-VaPUC |
| 008 |
001117e20000000SP |||||||||||||||||spa|d |
| 082 |
0 |
4 |
|a 796.426
|b GIL
|2 21
|
| 100 |
0 |
|
|a Gil Fraguas, Luis
|e author
|9 451923
|
| 700 |
0 |
|
|a Gutiérrez López, José
|e author
|9 451924
|
| 700 |
0 |
|
|a Sánchez Sotomayor, Francisco
|e author
|9 451925
|
| 245 |
1 |
0 |
|a Manual técnico de triatlón
|
| 300 |
|
|
|a 239 p
|
| 942 |
|
|
|c BK
|
| 945 |
|
|
|d 20001117 00:00:00
|a cmena
|
| 260 |
|
|
|a Madrid
|b Gymnos
|c 2000
|
| 650 |
|
7 |
|a TRIATLON
|2 CL-VaPUC
|9 331456
|
| 650 |
|
0 |
|a Deportes
|9 224367
|
| 650 |
|
7 |
|a ENTRENAMIENTO ATLETICO
|2 CL-VaPUC
|9 451926
|
| 650 |
|
0 |
|a Natación
|9 307454
|
| 650 |
|
0 |
|a Atletismo
|9 307422
|
| 650 |
|
7 |
|a CICLISMO
|2 CL-VaPUC
|9 308216
|
| 583 |
|
|
|a last modification
|c 20001117 00:00:00
|k Rodrigo Vera
|
| 999 |
|
|
|c 292380
|d 292378
|
| 952 |
|
|
|0 0
|1 0
|4 0
|6 796_426000000000000_GIL_2000
|7 0
|8 A
|9 343198
|a BIBEDU
|b BIBEDU
|d 2019-11-20
|i 3668290
|o 796.426 GIL 2000
|p 3668290
|r 2019-11-20
|w 2019-11-20
|y BK
|k EFI
|